Statistics for Countries Justin Timberlake has visited

Click here to take the quiz!

General Stats

  • This quiz has been taken 41 times
  • The average score is 20 of 25

Answer Stats

ContinentCountry% Correct
EuropeUnited Kingdom
97%
OceaniaAustralia
95%
North AmericaCanada
95%
EuropeGermany
95%
Asia/ EuropeRussia
95%
EuropeSweden
92%
North AmericaUnited States of America
89%
EuropeAustria
87%
EuropeBelgium
87%
EuropeFrance
87%
EuropeItaly
87%
EuropeSwitzerland
87%
OceaniaNew Zealand
84%
EuropeNorway
84%
Europethe Netherlands
84%
EuropeFinland
82%
EuropePoland
82%
Asia/ EuropeTurkey
82%
EuropePortugal
79%
EuropeDenmark
76%
EuropeCzech Republic
55%
EuropeIceland
53%
AsiaUnited Arab Emirates
53%
AsiaIsrael
50%
AfricaMorocco
37%

Score Distribution

Percentile by Number Answered

Percent of People with Each Score

Your Score History

You have not taken this quiz